000 00597nam a2200193Ia 4500
008 220216s9999 xx 000 0 und d
100 _aChouytan J
245 0 _aIn situ modification of polyisoprene by organo-nanoclay during emulsion polymerization for reinforcing natural rubber thin films
260 _bPolymers
_c2019
300 _a1338
500 _aSource Year: 2019
650 _aEmulsion polymerization
650 _aOrgano-nanoclay
700 _aFellows C.M
700 _aKaewsakul W
700 _aKalkornsurapranee E
856 _uOnline doi:103390/polym11081338
942 _cJS
999 _c60931
_d60931